| 000 | 01281nam0a2200313 4500 | ||
|---|---|---|---|
| 001 | RU\NLR\BIBL_A\022656792 | ||
| 005 | 20251117175523.0 | ||
| 010 |
_a978-5-93675-294-0 _91000 |
||
| 021 |
_aRU _bКН-П-25-056204 _9КН-П-25-5426 |
||
| 035 | _a(NLR Aleph) 022656792 | ||
| 090 |
_a13466412 _c13466412 |
||
| 100 | _a20251029d2025 u y0rusy50 ca | ||
| 101 | 0 | _arus | |
| 102 | _aRU | ||
| 105 | _aach|z|||000za | ||
| 181 | 0 |
_ai3 _baxxe |
|
| 182 | 0 | _an | |
| 200 | 1 |
_aГоды, люди, жизнь _eавтобиография _fГригорий Спектор |
|
| 203 |
_aТекст _bвизуальный _cнепосредственный |
||
| 210 |
_aМосква _cКрафт+ _d2025 |
||
| 215 |
_a525, [1] с., [8] л. ил., портр., факс. _d21 |
||
| 300 | _aНа обороте тит. с. авт.: режиссер Г. В. Спектор | ||
| 600 | 1 |
_aСпектор _bГ. В. _f1926 - 2025 _gГригорий Владимирович _92521916 _3RU\NLR\AUTH\6601708734 |
|
| 686 | 1 | _aЩ33г(2Р)7дСпектор | |
| 700 | 1 |
_aСпектор _bГ. В. _f1926-2025 _gГригорий Владимирович |
|
| 942 | _cBOOK | ||
| 980 | _aNB | ||